00365nam a2200145Ia 4500100002100000250000600021942000700027654001000034245002600044260002700070300000800097546001200105999001700117952008500134 aGross Charles A  a2 cBK apower aPower system Analysis bWileyaNew Yorkc1986 a593 aENGLISH c21766d21766 001040708CRCaCRCEbCRCEd2023-03-17l0o p10343r2023-03-17w2023-03-17yBK